Perasmian Kursus Sijil Antarabangsa Penilaian Harta (MTCP) oleh KSN YB Tan Sri Dato' Seri Haji Ahmad Sarji bin Abdul Hamid : 14 Ogos 1990 [

Bibliographic Details
Corporate Author: Institut Penilaian Negara
Format: Book
Published: Bangi : Institut Penilaian Negara , 1990
Subjects:

MARC

LEADER 00000cam a2200000 7i4500
001 0000004951
005 20080226.0
040 |a INS 
090 0 0 |a VCD 1165 
245 1 0 |a Perasmian Kursus Sijil Antarabangsa Penilaian Harta (MTCP) oleh KSN YB Tan Sri Dato' Seri Haji Ahmad Sarji bin Abdul Hamid :   |b 14 Ogos 1990 [  |h video disc] 
260 |a Bangi :   |b Institut Penilaian Negara ,   |c 1990 
300 |a 1 videodisc (160 min.) :   |b sd. col. ;   |c 4 3/4 in. 
500 |a Including: i) Cultural show 1990, ii) MTCP group dynamic 
650 0 0 |a Valuation   |x Congresses 
710 1 |a Institut Penilaian Negara 
999 |a VCD0001165   |b VIDEO CD   |c Media Collection   |e Default branch 
999 |a VHS244   |b VIDEO   |c Media Collection   |e Default branch